Chappell Roan Songs by Lyrics - Statistics

General Stats
  • This quiz has been taken 2,175 times
  • The average score is 8 of 10
Answer Stats
Lyrics Song % Correct
When you wake up next to him in the middle of the night With your head in your hands, you're nothing more than his wife Good Luck, Babe!
97%
You don't have to stare, come here, get with it No one's touched me there in a damn hot minute HOT TO GO!
96%
I fucked you in the bathroom when we went to dinner Your parents at the table, you wonder why I'm bitter Casual
95%
I thank my wicked dreams A year from Tennessee Oh, Santa Monica You've been too good to me Pink Pony Club
93%
I like (I like)
What you like (What you like)
Long hair (No bra)
It's my type (That's right)
Red Wine Supernova
91%
I know you want it, baby, you can have it Oh, I've never done it, let's make it cinematic Like that one sex scene that's in Mulholland Drive Naked in Manhattan
77%
Six months since April and I'm doing better No need to be hateful in your fake Gucci sweater My Kink Is Karma
76%
Stuck in the suburbs, you're folding his laundry Got what you wanted so stop feeling sorry Crying at the nail salon Femininomenon
67%
At every party we're the party, shaking our asses Making out while the world collapses Super Graphic Ultra Modern Girl
65%
'Cause I was never told that I wasn't gonna get The things I want the most And people always say, "If it hasn't happened yet Then maybe you should go" California
64%
No matching quizzes found
Score Distribution
Percent of People with Each Score
Percentile by Number Answered
Your Score History
You have not taken this quiz